000 01016nam a2200313 i 4500
001 000015638
003 DO-SdBNP
005 20250818100909.0
007 ta
008 100216s2008 dr 000 0 spa d
020 _a9789945162547
040 _aDO-SdBNP
_bspa
_cBNPHU
_erda
050 _asp
082 _a616.89156
_bV496c
_222
100 1 _aVergés, Luis,
_d1962-
_eautor
_935235
245 1 0 _aConceptos y habilidades básicas en terapia familiar /
_cLuis Vergés.
264 _aSanto Domingo :
_bBúho,
_c2008.
300 _a374 páginas ;
_c22 cm.
336 _ardacontent
_btexto
_2txt
337 _ardamedia
_bsin mediación
_2n
338 _ardacarrier
_bvolumen
_2nc
500 _aIncluye referencias bibliográficas y notas al pie de las páginas.
590 _aInventariado, 2018/LP
650 4 _aPsicoterapía familiar
_935236
650 4 _aFamilia
_xAspectos psicológicos
_91959
650 4 _aFamilias con problemas
_935237
910 _aValidado. Control de calidad BNPHU.
942 _2ddc
_cLBS1
999 _c15190
_d15190